<Die> Triple-A-Methode für Banken.
Cesty k zvyšovaniu výkonnosti bánk. Využitie metódy 3 A k analýze zlepšenia výkonnosti bánk podporovanej informačnými technológiami s využitím počítačov a ziskovými bankovými stratégiami. Model dát pre informačný systém o zákazníkoch. Management nákladov na A 3 - účinné nasadenie hardware a systémov...
Salvato in:
| Autore principale: | |
|---|---|
| Natura: | Capitolo di libro |
| Lingua: | tedesco |
| Soggetti: | |
| Tags: |
Nessun Tag, puoi essere il primo ad aggiungerne!!
|
MARC
| LEADER | 00000naa a2200000 4500 | ||
|---|---|---|---|
| 001 | r006482 | ||
| 005 | 20221208122814.4 | ||
| 041 | 0 | |a ger | |
| 044 | |a DE | ||
| 245 | 1 | 0 | |a <Die> Triple-A-Methode für Banken. |c K.I. Abolins |
| 520 | |a Cesty k zvyšovaniu výkonnosti bánk. Využitie metódy 3 A k analýze zlepšenia výkonnosti bánk podporovanej informačnými technológiami s využitím počítačov a ziskovými bankovými stratégiami. Model dát pre informačný systém o zákazníkoch. Management nákladov na A 3 - účinné nasadenie hardware a systémového software. | ||
| 610 | 2 | 0 | |a banky |
| 610 | 2 | 0 | |a technológie informačné |
| 610 | 2 | 0 | |a využitie počítačov |
| 610 | 2 | 0 | |a systémy informačné |
| 610 | 2 | 0 | |a hardvér |
| 610 | 2 | 0 | |a softvér |
| 610 | 2 | 0 | |a dáta |
| 100 | 1 | |a Abolins, K.I. | |